Flags of the Countries in the Arab League by Partial Images - Statistics

General Stats
  • This quiz has been taken 23 times
  • The average score is 16 of 20
Answer Stats
Picture Answer % Correct
Lebanon
100%
Kuwait
88%
Iraq
86%
Somalia
86%
Sudan
86%
Egypt
75%
Morocco
75%
Oman
75%
Qatar
75%
Saudi Arabia
75%
Syria
75%
Yemen
75%
Mauritania
71%
Tunisia
71%
Algeria
63%
Bahrain
63%
Libya
63%
Djibouti
43%
Jordan
43%
Comoros
38%
United States Emirates
0%
No matching quizzes found
Score Distribution
Percent of People with Each Score
Percentile by Number Answered
Your Score History
You have not taken this quiz